00864nam a2200193Ia 4500003000900000008004100009020001800050040001600068080002300084111008600107245026800193260003700461300001400498490002700512650004700539700002500586700002200611710003700633IN-BaIIA211028s9999 xx 000 0 eng d a0-7923-4661-0 cIIA Library a082.2:52bIAU-S182 aSymposium of the International Astronomical Unionn182ndcFranced1997 Jan. 20-26 0aHerbig-Haro flows and the birth of low mass starsbproceedings of the 182nd symposium of the international astronomical union, held in Chomonix, France, 20-26 January 1997.cedited by Bo Reipurth and Claude Bertout  aDordrechtbKluwer Academicc1997 axx, 596p. aIAU Symposium; no. 182 aLow mass stars- birth, Herbig-Haro objects aBertout, Claude, ed. aReipurth, Bo, ed. aInternational Astronomical Union